|
|
|
|
| LEADER |
00580cam a2200145 7i4500 |
| 001 |
0000008057 |
| 005 |
20000817090000.0 |
| 090 |
0 |
0 |
|a CD-ROM 100
|b WHI
|
| 245 |
0 |
0 |
|a White pages directory on CD :
|b the Australia white pages telephone directories on CD, August 1996 [
|m electronic resource].
|
| 260 |
0 |
0 |
|a [Sydney]:
|b Telstra,
|c 1996.
|
| 300 |
# |
# |
|a Electronic computer optical disc (CD-ROM).
|
| 650 |
0 |
0 |
|a Business --
|x Directories --
|z Australia
|
| 650 |
0 |
0 |
|a White pages --
|x Directories --
|z Australia
|
| 651 |
0 |
0 |
|a Australia
|
| 999 |
|
|
|a 0000011421
|b CD-ROM
|c AV Collection
|e Business Information Centre
|